Score 0/11 Timer 01:00
7 Plays Today
Final Letter NATO Phonetic Alphabet Letter % Correct
AAlpha, Delta, India, Lima, Papa, Sierra
99%
OBravo, Echo, Kilo, Romeo, Tango
92.1%
ECharlie, Mike, Yankee
85.3%
TFoxtrot, Juliett
80%
FGolf
53.5%
LHotel
53.4%
YWhiskey, X-Ray
50.8%
UZulu
48.8%
RNovember, Oscar, Victor
45.4%
CQuebec
33.3%
MUniform
24.5%

You're not logged in!

Compare scores with friends on all Sporcle quizzes.
OR
Log In

Sporcle TV

Today on Sporcle TV


Watch our educational content, quiz creation guides, and fun videos on Sporcle TV.

Show Comments

Extras

Top Quizzes Today


Score Distribution

Paid Content

Your Account Isn't Verified!

In order to create a playlist on Sporcle, you need to verify the email address you used during registration. Go to your Sporcle Settings to finish the process.

Report this User

Report this user for behavior that violates our Community Guidelines.

Details: